In welchem Kanton liegt die Ortschaft? - Statistiken

Allgemein
  • Dieses Quiz wurde 7 mal gespielt
  • Das Durchschnittsergebnis liegt bei 12 aus 15
Antwortstatistiken
Frage Antwort % Korrekt
Laupen Bern
86%
Murten Freiburg
86%
Poschiavo Graubünden
86%
Vitznau Luzern
86%
Engelberg Obwalden
86%
Faido Tessin
86%
Weinfelden Thurgau
86%
Altdorf Uri
86%
Yverdon-les-Bains Waadt
86%
Spreitenbach Aargau
71%
Birsfelden Basel-Landschaft
71%
Küssnacht Schwyz
71%
Olten Solothurn
71%
Walenstadt St. Gallen
71%
Gonten Appenzell Innerrhoden
43%
Keine übereinstimmenden Quizze gefunden
Verteilung der Resultate
Anzahl Personen mit jedem Resultat
Perzentil nach korrekt beantworteten Fragen
Ihre Resultats-Entwicklung
Sie haben dieses Quiz noch nicht gespielt